[Event "Bundesliga 2022-23"]
[Site "Hamburg GER"]
[Date "2023.02.05"]
[Round "6.3"]
[Board "3"]
[White "Demchenko, Anton"]
[Black "Saric, Ivan"]
[Result "0-1"]
[WhiteTitle "GM"]
[BlackTitle "GM"]
[WhiteElo "2645"]
[BlackElo "2668"]
[WhiteTeam "SK Doppelbauer Turm Kiel"]
[BlackTeam "Muenchener Schachclub 1836"]
[WhiteFideId "4160258"]
[BlackFideId "14508150"]
[EventDate "2022.10.22"]

1. e4 c5 2. Nf3 d6 3. Bc4 Nf6 4. d3 Nc6 5. O-O Bg4 6. h3 Bh5 7. g4 Bg6 8. Nh2 e5
9. Nc3 Nd7 10. f4 exf4 11. Bxf4 h5 12. g5 Nde5 13. Bd5 Qd7 14. Kg2 Be7 15. Qd2
h4 16. Bxe5 Nxe5 17. Nf3 Rh5 18. Nxe5 dxe5 19. Ne2 c4 20. Kh2 Bxg5 21. Qc3 cxd3
22. Qxd3 O-O-O 23. Qb3 Kb8 24. Rad1 Qc7 25. Rd3 Rhh8 26. Rc3 Qe7 27. Rc5 Rd7 28.
Rb5 Rc8 29. c4 Rcc7 30. a4 Bh5 31. Qd3 Rd6 32. c5 Rf6 33. Rxf6 Qxf6 34. Kg2 Bf4
35. Nxf4 Qg5+ 36. Kh1 Qxf4 37. Kg2 Qg5+ 38. Kf2 a6 39. Rb6 Qf4+ 40. Kg2 Qg5+ 41.
Kf2 Rxc5 42. Rxb7+ Kc8 43. Rb8+ Kxb8 44. Qb3+ Kc7 45. Qb7+ Kd8 46. Qb6+ Rc7 47.
Qd6+ Kc8 48. Qxa6+ Kd7 49. Qb5+ Ke7 50. Qb4+ Ke8 51. Qb5+ Rd7 52. Qb8+ Rd8 53.
Qb5+ Kf8 0-1

[Event "Bundesliga 2022-23"]
[Site "Hamburg GER"]
[Date "2023.02.05"]
[Round "6.3"]
[Board "4"]
[White "Martinovic, Sasa"]
[Black "Bjerre, Jonas Buhl"]
[Result "1/2-1/2"]
[WhiteTitle "GM"]
[BlackTitle "GM"]
[WhiteElo "2546"]
[BlackElo "2612"]
[WhiteTeam "Muenchener Schachclub 1836"]
[BlackTeam "SK Doppelbauer Turm Kiel"]
[WhiteFideId "14509792"]
[BlackFideId "1444948"]
[EventDate "2022.10.22"]

1. d4 Nf6 2. c4 e6 3. Nc3 Bb4 4. Nf3 O-O 5. Bg5 h6 6. Bh4 c5 7. Rc1 cxd4 8. Nxd4
b6 9. e3 Bb7 10. Nb5 Nc6 11. Be2 d5 12. cxd5 Qxd5 13. O-O Qxd1 14. Rfxd1 Rfd8
15. Bxf6 gxf6 16. Ne4 Ne5 17. Nxf6+ Kg7 18. Nh5+ Kf8 19. f4 Bd2 20. Rc7 Bxe3+
21. Kf1 Rxd1+ 22. Bxd1 Ba6 23. Be2 Bxb5 24. Bxb5 a6 25. Be2 1/2-1/2

[Event "Bundesliga 2022-23"]
[Site "Hamburg GER"]
[Date "2023.02.05"]
[Round "6.3"]
[Board "5"]
[White "Yuffa, Daniil"]
[Black "Costa, Leonardo"]
[Result "1-0"]
[WhiteTitle "GM"]
[BlackTitle "FM"]
[WhiteElo "2601"]
[BlackElo "2350"]
[WhiteTeam "SK Doppelbauer Turm Kiel"]
[BlackTeam "Muenchener Schachclub 1836"]
[WhiteFideId "24131423"]
[BlackFideId "16213955"]
[EventDate "2022.10.22"]

1. d4 d5 2. c4 e6 3. Nf3 Nf6 4. g3 Be7 5. Bg2 O-O 6. b3 c5 7. O-O Nc6 8. cxd5
Nxd5 9. Bb2 cxd4 10. Nxd4 Bd7 11. Na3 Nxd4 12. Qxd4 Bf6 13. Qd2 Bc6 14. Nc4 Ne7
15. Rfd1 Bxb2 16. Qxb2 Qc7 17. Rac1 Rfd8 18. Qe5 Qxe5 19. Nxe5 Bxg2 20. Kxg2 f6
21. Nd3 Rac8 22. Nf4 Rxd1 23. Rxd1 e5 24. Rd7 exf4 25. Rxe7 fxg3 26. hxg3 Rc2
27. a4 a6 28. Rxb7 Rxe2 29. g4 h5 30. gxh5 Kh7 31. Kg3 Kh6 32. f3 Rb2 33. a5 Rb1
34. Kf4 Rg1 35. Rb6 Rb1 36. Rb7 Kxh5 37. b4 Kg6 38. Ke4 f5+ 39. Ke5 Re1+ 40. Kf4
Rb1 41. Rb6+ Kh5 42. Kxf5 Kh4 43. f4 Kg3 44. Kg5 Kf3 45. Rxa6 Rxb4 46. Rb6 Ra4
47. a6 Ra1 48. Rb3+ Ke4 49. Rb4+ Kf3 50. f5 Rg1+ 51. Kh5 Rg2 52. Ra4 1-0

[Event "Bundesliga 2022-23"]
[Site "Hamburg GER"]
[Date "2023.02.05"]
[Round "6.3"]
[Board "6"]
[White "Radovanovic, Nikola"]
[Black "Meshkovs, Nikita"]
[Result "0-1"]
[WhiteTitle "IM"]
[BlackTitle "GM"]
[WhiteElo "2426"]
[BlackElo "2566"]
[WhiteTeam "Muenchener Schachclub 1836"]
[BlackTeam "SK Doppelbauer Turm Kiel"]
[WhiteFideId "900087"]
[BlackFideId "11602740"]
[EventDate "2022.10.22"]

1. e4 c5 2. Nf3 Nc6 3. d4 cxd4 4. Nxd4 Nf6 5. Nc3 e5 6. Ndb5 d6 7. Nd5 Nxd5 8.
exd5 Nb8 9. a4 Be7 10. Be2 O-O 11. Bd2 a6 12. Na3 Bf5 13. Nc4 Nd7 14. O-O Qc7
15. a5 Bg6 16. Ra3 Rae8 17. Kh1 Qb8 18. Be3 f5 19. f4 Rf7 20. Rb3 Bf8 21. Qd2
Nf6 22. Nb6 Bh5 23. Bxh5 Nxh5 24. c4 exf4 25. Bxf4 Nxf4 26. Qxf4 Re4 27. Qd2 Qe8
28. Rbf3 f4 29. b4 g5 30. Rc3 Re2 31. Qd3 f3 32. g3 Bg7 33. Rcc1 Qe5 34. Rc2
Rxc2 35. Qxc2 Qe2 0-1

[Event "Bundesliga 2022-23"]
[Site "Hamburg GER"]
[Date "2023.02.05"]
[Round "6.3"]
[Board "7"]
[White "Teclaf, Pawel"]
[Black "Ciolek, Andreas"]
[Result "1/2-1/2"]
[WhiteTitle "IM"]
[BlackTitle "FM"]
[WhiteElo "2551"]
[BlackElo "2301"]
[WhiteTeam "SK Doppelbauer Turm Kiel"]
[BlackTeam "Muenchener Schachclub 1836"]
[WhiteFideId "1185934"]
[BlackFideId "12906727"]
[EventDate "2022.10.22"]

1. e4 c5 2. Nf3 e6 3. d4 cxd4 4. Nxd4 Nf6 5. Nc3 Nc6 6. Ndb5 Bc5 7. Bf4 O-O 8.
Bc7 Qe7 9. Bd6 Bxd6 10. Qxd6 Qd8 11. O-O-O a6 12. Nd4 Ne7 13. f3 b5 14. h4 Ne8
15. Qb4 d6 16. e5 d5 17. a4 bxa4 18. Nxa4 a5 19. Qb6 Nc7 20. Qd6 Ba6 21. Nb6 Ra7
22. Bd3 Bxd3 23. Rxd3 Ra6 24. Rb3 Na8 25. Qxd8 Rxd8 26. Na4 Ng6 27. Nc5 Rb6 28.
Nd3 Rxb3 29. Nxb3 a4 30. Nbc5 Nb6 31. h5 Ne7 32. Rh4 d4 33. Nb4 Nf5 34. Re4 Ng3
35. Rg4 Nf5 36. Re4 Ng3 37. Rg4 1/2-1/2

[Event "Bundesliga 2022-23"]
[Site "Hamburg GER"]
[Date "2023.02.05"]
[Round "6.3"]
[Board "8"]
[White "Tadic, Branko"]
[Black "Thybo, Jesper Sondergaard"]
[Result "0-1"]
[WhiteTitle "GM"]
[BlackTitle "GM"]
[WhiteElo "2455"]
[BlackElo "2498"]
[WhiteTeam "Muenchener Schachclub 1836"]
[BlackTeam "SK Doppelbauer Turm Kiel"]
[WhiteFideId "916412"]
[BlackFideId "1438832"]
[EventDate "2022.10.22"]

1. Nf3 c5 2. c4 Nf6 3. g3 d5 4. cxd5 Nxd5 5. Bg2 Nc6 6. Nc3 Nxc3 7. bxc3 e5 8.
d3 Be7 9. Rb1 O-O 10. Nd2 Qc7 11. Nc4 Be6 12. Qa4 Rfd8 13. O-O Rab8 14. Ne3 a6
15. Re1 b5 16. Qe4 Rbc8 17. Bb2 Bg5 18. h4 Bxe3 19. Qxe3 c4 20. a3 Bd5 21. Bh3
Rb8 22. Rbd1 Na5 23. h5 h6 24. Bf5 Nb3 25. g4 Qe7 26. Qg3 e4 27. Qf4 exd3 28.
exd3 Qh4 29. f3 Re8 30. Kg2 Rbd8 31. Re3 Rxe3 32. Qxe3 Bc6 33. d4 Kf8 34. a4 Re8
35. Ba3+ Kg8 36. Qf2 Qd8 37. Re1 bxa4 38. Re3 Bd7 39. Rxe8+ Qxe8 40. Be4 Bxg4
41. d5 Bd7 42. d6 Qd8 43. Qg3 Nd2 44. Bd5 Nb1 45. Bc5 Qg5 46. Qxg5 hxg5 47. Bxc4
Nxc3 48. Kg3 Nb5 49. f4 g4 50. Kh4 a3 51. Bb4 Nd4 52. Bxa3 Nf5+ 53. Kg5 g3 54.
Bc5 g2 55. Bxa6 f6+ 0-1

[Event "Bundesliga 2022-23"]
[Site "Hamburg GER"]
[Date "2023.02.05"]
[Round "6.4"]
[Board "1"]
[White "Nihal, Sarin"]
[Black "Sedlak, Nikola"]
[Result "1-0"]
[WhiteTitle "GM"]
[BlackTitle "GM"]
[WhiteElo "2673"]
[BlackElo "2472"]
[WhiteTeam "Hamburger SK"]
[BlackTeam "SV Deggendorf"]
[WhiteFideId "25092340"]
[BlackFideId "922900"]
[EventDate "2022.10.22"]

1. Nf3 Nf6 2. c4 d6 3. g3 e5 4. Bg2 g6 5. b3 Bg7 6. Bb2 O-O 7. d3 Re8 8. O-O
Nbd7 9. Nbd2 c6 10. b4 d5 11. cxd5 cxd5 12. e4 a5 13. a3 dxe4 14. Nxe4 Nxe4 15.
dxe4 Qe7 16. Bc3 a4 17. Qd3 Nb6 18. Rfc1 Bd7 19. Bd2 Be6 20. Be3 Nd7 21. Rc7 Qd8
22. Rxb7 Qc8 23. Qb5 Qc3 24. Rc1 Qxa3 25. Rxd7 Bxd7 26. Qxd7 Qxb4 27. Rc7 Qb3
28. Bf1 Red8 29. Qc6 a3 30. Bc4 Qd1+ 31. Kg2 Qd6 32. Bxf7+ Kh8 33. Qxd6 Rxd6 34.
Ba2 h6 35. Nd2 Rd3 36. Kf1 Rb8 37. Ke2 Rdd8 38. Bd5 Bf8 39. Ra7 Rb2 40. Kf3 Rc2
41. Nb1 1-0

[Event "Bundesliga 2022-23"]
[Site "Hamburg GER"]
[Date "2023.02.05"]
[Round "6.4"]
[Board "2"]
[White "Delchev, Aleksander"]
[Black "Svane, Rasmus"]
[Result "1/2-1/2"]
[WhiteTitle "GM"]
[BlackTitle "GM"]
[WhiteElo "2503"]
[BlackElo "2615"]
[WhiteTeam "SV Deggendorf"]
[BlackTeam "Hamburger SK"]
[WhiteFideId "2900394"]
[BlackFideId "4657101"]
[EventDate "2022.10.22"]

1. Nf3 d5 2. e3 Nf6 3. c4 e6 4. Nc3 Bd6 5. b3 O-O 6. Bb2 Re8 7. Qc2 c6 8. d4
Nbd7 9. Be2 b6 10. O-O Bb7 11. Rad1 Qe7 12. Rfe1 Rac8 13. e4 Nxe4 14. Nxe4 dxe4
15. Qxe4 Bb4 16. Rf1 Ba3 17. Ba1 Nf6 18. Qe3 c5 19. Ne5 cxd4 20. Bxd4 Bc5 1/2-1/2

[Event "Bundesliga 2022-23"]
[Site "Hamburg GER"]
[Date "2023.02.05"]
[Round "6.4"]
[Board "3"]
[White "Mendonca, Leon Luke"]
[Black "Stojanovic, Dalibor"]
[Result "1-0"]
[WhiteTitle "GM"]
[BlackTitle "GM"]
[WhiteElo "2558"]
[BlackElo "2472"]
[WhiteTeam "Hamburger SK"]
[BlackTeam "SV Deggendorf"]
[WhiteFideId "35028561"]
[BlackFideId "922692"]
[EventDate "2022.10.22"]

1. d4 Nf6 2. c4 g6 3. Nc3 Bg7 4. e4 d6 5. Nf3 O-O 6. Be2 Bg4 7. O-O Nfd7 8. Be3
c5 9. d5 Na6 10. h3 Bxf3 11. Bxf3 Nc7 12. Be2 a6 13. a4 Re8 14. Rb1 e6 15. dxe6
Nxe6 16. Qxd6 Nd4 17. Bg4 Ne5 18. Qxc5 h5 19. Bxd4 hxg4 20. Bxe5 Bxe5 21. Qe3
gxh3 22. Qxh3 Qc7 23. Nd5 Qc6 24. b3 Kg7 25. Qg4 Rh8 26. g3 Rh5 27. Kg2 Rah8 28.
Rh1 Qc5 29. Rxh5 Rxh5 30. Rd1 b5 31. cxb5 axb5 32. axb5 Qxb5 33. Qf3 Rh8 34. b4
Qd7 35. Rh1 Re8 36. Qe3 Kg8 37. Qd3 Qg4 38. b5 Bg7 39. b6 Rb8 40. Ne7+ Kf8 41.
Nf5 Be5 42. Qa3+ 1-0

[Event "Bundesliga 2022-23"]
[Site "Hamburg GER"]
[Date "2023.02.05"]
[Round "6.4"]
[Board "4"]
[White "Bogosavljevic, Boban"]
[Black "Papp, Gabor1"]
[Result "1/2-1/2"]
[WhiteTitle "GM"]
[BlackTitle "GM"]
[WhiteElo "2533"]
[BlackElo "2564"]
[WhiteTeam "SV Deggendorf"]
[BlackTeam "Hamburger SK"]
[WhiteFideId "931152"]
[BlackFideId "718602"]
[EventDate "2022.10.22"]

1. d4 Nf6 2. Nf3 e6 3. g3 b6 4. Bg2 Bb7 5. O-O Be7 6. c4 O-O 7. Re1 d5 8. cxd5
exd5 9. Nc3 Nbd7 10. Bf4 c5 11. dxc5 Nxc5 12. Rc1 Nce4 13. Be5 Bc5 14. Bd4 Rc8
15. Nxe4 dxe4 16. Bxc5 Rxc5 17. Rxc5 bxc5 18. Ne5 Qd4 19. Qxd4 cxd4 20. Rc1 Re8
21. f4 exf3 1/2-1/2

[Event "Bundesliga 2022-23"]
[Site "Hamburg GER"]
[Date "2023.02.05"]
[Round "6.4"]
[Board "5"]
[White "Engel, Luis"]
[Black "Popovic, Dusan"]
[Result "1/2-1/2"]
[WhiteTitle "GM"]
[BlackTitle "GM"]
[WhiteElo "2555"]
[BlackElo "2486"]
[WhiteTeam "Hamburger SK"]
[BlackTeam "SV Deggendorf"]
[WhiteFideId "12961523"]
[BlackFideId "927031"]
[EventDate "2022.10.22"]

1. e4 c5 2. Nc3 d6 3. d4 cxd4 4. Qxd4 Nc6 5. Qd2 Nf6 6. b3 e6 7. Bb2 a6 8. O-O-O
b5 9. Bd3 Be7 10. f4 O-O 11. Nf3 Nd7 12. Qe1 Qc7 13. Kb1 Nc5 14. Qg3 f6 15. h4
b4 16. Ne2 a5 17. h5 h6 18. Rh4 a4 19. Rg4 Rf7 20. e5 Nxd3 21. Rxd3 axb3 22.
axb3 dxe5 23. fxe5 Ba6 24. Rd2 Bxe2 25. Rxe2 Qa7 26. Re1 Nxe5 27. Nxe5 fxe5 28.
Qxe5 Bf6 29. Qxf6 Rxf6 30. Bxf6 Qf2 31. Bh4 Qa7 32. Bf6 Qf2 33. Bh4 Qd2 34. Rc4
e5 35. g4 Kh7 36. Kb2 Ra5 37. Bg3 Rc5 38. Rxc5 Qd4+ 39. Kb1 Qxc5 40. Bxe5 Qd5
41. Bb2 Qf3 42. Rg1 Kg8 43. Bc1 1/2-1/2

[Event "Bundesliga 2022-23"]
[Site "Hamburg GER"]
[Date "2023.02.05"]
[Round "6.4"]
[Board "6"]
[White "Miljkovic, Miroslav D"]
[Black "Svane, Frederik"]
[Result "1/2-1/2"]
[WhiteTitle "GM"]
[BlackTitle "GM"]
[WhiteElo "2453"]
[BlackElo "2566"]
[WhiteTeam "SV Deggendorf"]
[BlackTeam "Hamburger SK"]
[WhiteFideId "922722"]
[BlackFideId "12923044"]
[EventDate "2022.10.22"]

1. d4 Nf6 2. c4 e6 3. Nf3 d5 4. g3 Bb4+ 5. Bd2 a5 6. Qc2 O-O 7. Bg2 c5 8. cxd5
cxd4 9. Nxd4 Qb6 10. e3 exd5 11. O-O Nc6 12. Nxc6 bxc6 13. Nc3 Re8 14. Rac1 Qa7
15. Ne2 Bd7 16. Nd4 Rac8 17. Bxb4 axb4 18. Qc5 Qxa2 19. Qxb4 Rb8 20. Qa3 Qxb2 1/2-1/2

[Event "Bundesliga 2022-23"]
[Site "Hamburg GER"]
[Date "2023.02.05"]
[Round "6.4"]
[Board "7"]
[White "Zwirs, Nico"]
[Black "Petrov, Martin"]
[Result "1/2-1/2"]
[WhiteTitle "IM"]
[BlackTitle "GM"]
[WhiteElo "2481"]
[BlackElo "2530"]
[WhiteTeam "Hamburger SK"]
[BlackTeam "SV Deggendorf"]
[WhiteFideId "1036432"]
[BlackFideId "2911086"]
[EventDate "2022.10.22"]

1. e4 c5 2. Nf3 d6 3. d4 cxd4 4. Nxd4 Nf6 5. Nc3 a6 6. Be3 e5 7. Nb3 Be7 8. f3
Be6 9. Qd2 O-O 10. O-O-O Nbd7 11. g4 b5 12. g5 Nh5 13. Nd5 Bxd5 14. exd5 f6 15.
gxf6 Bxf6 16. Na5 Nf4 17. Nc6 Qe8 18. Kb1 Qh5 19. Bxf4 exf4 20. Qxf4 Ne5 1/2-1/2

[Event "Bundesliga 2022-23"]
[Site "Hamburg GER"]
[Date "2023.02.05"]
[Round "6.4"]
[Board "8"]
[White "Kuznecovs, Nikita"]
[Black "Kramer, Julian"]
[Result "0-1"]
[WhiteTitle "FM"]
[BlackTitle "IM"]
[WhiteElo "2301"]
[BlackElo "2467"]
[WhiteTeam "SV Deggendorf"]
[BlackTeam "Hamburger SK"]
[WhiteFideId "11604557"]
[BlackFideId "12921742"]
[EventDate "2022.10.22"]

1. e4 c5 2. Nc3 Nc6 3. g3 g6 4. Bg2 Bg7 5. f4 Rb8 6. Nf3 b5 7. O-O d6 8. Nh4 Bd7
9. d3 h6 10. Qe1 Nd4 11. Rf2 Nf6 12. h3 b4 13. Nd1 Nh7 14. c3 bxc3 15. bxc3 Qa5
16. Bb2 Nc6 17. e5 dxe5 18. Nxg6 fxg6 19. Qe4 Nf8 20. Ne3 Kd8 21. Nc4 Qc7 22.
Re1 exf4 23. Qd5 Rxb2 24. Qf7 Rxf2 25. Qxg7 fxg3 26. Qxh8 Qf4 0-1

[Event "Bundesliga 2022-23"]
[Site "Dresden GER"]
[Date "2023.02.05"]
[Round "6.5"]
[Board "1"]
[White "Nisipeanu, Liviu-Dieter"]
[Black "Ivic, Velimir"]
[Result "1/2-1/2"]
[WhiteTitle "GM"]
[BlackTitle "GM"]
[WhiteElo "2615"]
[BlackElo "2553"]
[WhiteTeam "USV TU Dresden"]
[BlackTeam "SK Kirchweyhe"]
[WhiteFideId "1202758"]
[BlackFideId "950122"]
[EventDate "2022.10.22"]

1. d4 d5 2. c4 c6 3. Nc3 Nf6 4. cxd5 cxd5 5. Bf4 Nc6 6. e3 Bf5 7. Qb3 Na5 8.
Qa4+ Bd7 9. Qc2 e6 10. Nf3 Rc8 11. Bd3 Bb4 12. O-O Nh5 13. Be5 f6 14. Bg3 Nxg3
15. hxg3 Nc4 16. Rfc1 g6 17. e4 Bxc3 18. bxc3 dxe4 19. Bxe4 Nd6 20. Bd3 O-O 21.
Bxg6 hxg6 22. Qxg6+ Kh8 23. Qh6+ Kg8 24. Qg6+ 1/2-1/2

[Event "Bundesliga 2022-23"]
[Site "Dresden GER"]
[Date "2023.02.05"]
[Round "6.5"]
[Board "2"]
[White "Brkic, Ante"]
[Black "Bartel, Mateusz"]
[Result "1/2-1/2"]
[WhiteTitle "GM"]
[BlackTitle "GM"]
[WhiteElo "2602"]
[BlackElo "2630"]
[WhiteTeam "SK Kirchweyhe"]
[BlackTeam "USV TU Dresden"]
[WhiteFideId "14506688"]
[BlackFideId "1112635"]
[EventDate "2022.10.22"]

1. e4 e5 2. Nf3 Nc6 3. Bb5 a6 4. Ba4 Nf6 5. O-O Be7 6. Re1 b5 7. Bb3 d6 8. c3
O-O 9. h3 Bb7 10. d4 Re8 11. Ng5 Rf8 12. Nf3 Re8 13. a3 Bf8 14. Nbd2 h6 15. Bc2
Nb8 16. b3 Nbd7 17. Bb2 Rc8 18. b4 Nb6 19. Rb1 Nfd7 20. Ba1 d5 21. dxe5 c5 22.
exd5 Bxd5 23. Qe2 c4 24. Qe3 Qc7 25. Qf4 Re7 26. Re2 g6 27. Rbe1 Bg7 28. h4 Rce8
29. h5 Nxe5 30. Nxe5 Bxe5 31. Qg4 g5 32. Qf5 Bg7 33. Rxe7 Rxe7 34. Rxe7 Qxe7 35.
Kf1 Qd6 36. Ne4 Qh2 37. Nf6+ Bxf6 38. Qxf6 Bxg2+ 39. Ke1 Nd5 40. Bh7+ Kf8 41.
Qxh6+ Ke8 42. Qc6+ Kd8 43. Qa8+ Ke7 44. Qa7+ Kf6 45. Qd4+ Ke7 1/2-1/2

[Event "Bundesliga 2022-23"]
[Site "Dresden GER"]
[Date "2023.02.05"]
[Round "6.5"]
[Board "3"]
[White "Pechac, Jergus"]
[Black "Markus, Robert"]
[Result "1/2-1/2"]
[WhiteTitle "GM"]
[BlackTitle "GM"]
[WhiteElo "2633"]
[BlackElo "2615"]
[WhiteTeam "USV TU Dresden"]
[BlackTeam "SK Kirchweyhe"]
[WhiteFideId "14926970"]
[BlackFideId "921637"]
[EventDate "2022.10.22"]

1. d4 Nf6 2. c4 e6 3. Nf3 Bb4+ 4. Nc3 b6 5. e3 Bb7 6. Bd3 O-O 7. O-O Bxc3 8.
bxc3 Be4 9. Be2 c5 10. Nd2 Bg6 11. Ba3 Qc7 12. dxc5 bxc5 13. Bf3 Nc6 14. Bxc5 d6
15. Ba3 Rfd8 16. Be2 Ne5 17. f4 Ned7 18. Bf3 Rac8 19. e4 h5 20. Qe2 Nb6 21. Rad1
Rd7 22. Qe3 Nxc4 23. Nxc4 Qxc4 24. Bxd6 Bxe4 25. Be5 Bxf3 26. Qxf3 Rxd1 27. Rxd1
Ng4 28. Bd4 Qxa2 29. Qg3 Rb8 30. h3 Rb1 31. Qd3 Rxd1+ 32. Qxd1 Nh6 33. Qxh5 Nf5
34. Qg5 Nxd4 35. Qd8+ Kh7 36. Qh4+ Kg8 37. Qd8+ 1/2-1/2

[Event "Bundesliga 2022-23"]
[Site "Dresden GER"]
[Date "2023.02.05"]
[Round "6.5"]
[Board "4"]
[White "Stevic, Hrvoje"]
[Black "Gajewski, Grzegorz"]
[Result "1/2-1/2"]
[WhiteTitle "GM"]
[BlackTitle "GM"]
[WhiteElo "2565"]
[BlackElo "2589"]
[WhiteTeam "SK Kirchweyhe"]
[BlackTeam "USV TU Dresden"]
[WhiteFideId "14502569"]
[BlackFideId "1116207"]
[EventDate "2022.10.22"]

1. e4 c5 2. c3 d5 3. exd5 Qxd5 4. d4 Nf6 5. Nf3 Nc6 6. Be2 cxd4 7. cxd4 e6 8.
O-O Be7 9. Nc3 Qd6 10. Nb5 Qd8 11. Bf4 Nd5 12. Bg3 O-O 13. Rc1 Bd7 14. Nc3 Rc8
15. Nxd5 exd5 16. Qb3 Qb6 17. Qxb6 axb6 18. Bb5 Bf6 19. Rfe1 Be6 20. Be5 Be7 21.
Bf4 Bf6 22. Be5 Be7 1/2-1/2

[Event "Bundesliga 2022-23"]
[Site "Dresden GER"]
[Date "2023.02.05"]
[Round "6.5"]
[Board "6"]
[White "Kovacevic, Aleksandar"]
[Black "Vogel, Roven"]
[Result "1/2-1/2"]
[WhiteTitle "GM"]
[BlackTitle "IM"]
[WhiteElo "2471"]
[BlackElo "2463"]
[WhiteTeam "SK Kirchweyhe"]
[BlackTeam "USV TU Dresden"]
[WhiteFideId "903124"]
[BlackFideId "12908088"]
[EventDate "2022.10.22"]

1. e4 c5 2. Nf3 d6 3. Bb5+ Bd7 4. Bxd7+ Nxd7 5. O-O Ngf6 6. Qe2 e6 7. c3 Be7 8.
d4 O-O 9. e5 Nd5 10. c4 Nb4 11. exd6 Bxd6 12. Nc3 cxd4 13. Nxd4 Qe7 14. Rd1 Rad8
15. a3 Nc6 16. Nxc6 bxc6 17. Ne4 Bc7 18. Bg5 f6 19. Be3 h6 20. Bxa7 f5 21. Nc3
e5 22. c5 Ra8 23. Bb6 Nxb6 24. cxb6 Bxb6 25. Qc4+ Kh7 26. Qxc6 Bd4 27. Rd2 Rac8
28. Qa6 Rxc3 29. bxc3 Bxc3 30. Rdd1 Bxa1 31. Rxa1 e4 32. a4 Qe5 33. Qf1 Ra8 34.
Qe1 Ra5 35. g3 g5 36. Ra3 Kg6 37. Qb1 Qd4 38. Qb8 f4 39. Qe8+ Kh7 40. Qe7+ Kh8
41. Qf8+ Kh7 42. gxf4 gxf4 43. Qxf4 Rg5+ 44. Rg3 Qxa4 45. Qf7+ Kh8 46. Rxg5 Qd1+
47. Kg2 hxg5 48. Qe8+ Kg7 49. Qxe4 Qd6 50. Qf5 Kh6 51. Qe4 Qf6 52. Qd5 Qf4 53.
Qe6+ Kg7 54. h3 Kh7 55. Qg4 Qf6 56. Qe4+ Kh6 57. Qc4 Qe5 58. Kf3 Qf5+ 59. Kg3
Qe5+ 60. Kg4 Qf6 61. Kg3 Qe5+ 62. Kg2 Kg7 63. h4 gxh4 64. Qxh4 Qe1 65. Qg5+ Kf7
66. Qf5+ Kg7 67. Qd3 Kf6 68. f4 Qa1 69. Qe4 Qc3 70. Kf2 Qc5+ 71. Kf3 Qh5+ 72.
Kg3 Qg6+ 1/2-1/2

[Event "Bundesliga 2022-23"]
[Site "Dresden GER"]
[Date "2023.02.05"]
[Round "6.5"]
[Board "7"]
[White "Neef, Maximilian"]
[Black "Palac, Mladen"]
[Result "1/2-1/2"]
[WhiteTitle "IM"]
[BlackTitle "GM"]
[WhiteElo "2481"]
[BlackElo "2516"]
[WhiteTeam "USV TU Dresden"]
[BlackTeam "SK Kirchweyhe"]
[WhiteFideId "24692085"]
[BlackFideId "14500116"]
[EventDate "2022.10.22"]

1. d4 d5 2. Nc3 Nf6 3. Bf4 a6 4. e3 e6 5. g4 Bb4 6. Ne2 Be7 7. g5 Nh5 8. h4 Nxf4
9. Nxf4 c5 10. dxc5 Bxc5 11. Bd3 Bb4 12. Nh5 Kf8 13. Qd2 Qa5 14. O-O-O Nd7 15.
a3 Bxc3 16. Qxc3 Qxc3 17. bxc3 g6 18. Nf4 h6 19. c4 hxg5 20. hxg5 Rxh1 21. Rxh1
dxc4 22. Bxc4 b5 23. Bd3 Kg7 24. Be4 Ra7 25. Nd3 Bb7 26. Rh4 Bxe4 27. Rxe4 Rc7
28. a4 Nc5 29. Nxc5 Rxc5 30. f4 bxa4 31. Rxa4 a5 32. Kd2 f6 33. gxf6+ 1/2-1/2

[Event "Bundesliga 2022-23"]
[Site "Dresden GER"]
[Date "2023.02.05"]
[Round "6.5"]
[Board "8"]
[White "Zelcic, Robert"]
[Black "Maiwald, Jens-Uwe"]
[Result "1/2-1/2"]
[WhiteTitle "GM"]
[BlackTitle "GM"]
[WhiteElo "2495"]
[BlackElo "2441"]
[WhiteTeam "SK Kirchweyhe"]
[BlackTeam "USV TU Dresden"]
[WhiteFideId "14500310"]
[BlackFideId "4612396"]
[EventDate "2022.10.22"]

1. e4 e6 2. d4 d5 3. Nc3 Bb4 4. Ne2 Nc6 5. a3 Ba5 6. Be3 Nge7 7. b4 Bb6 8. exd5
exd5 9. Ng3 Nf5 10. Nxf5 Bxf5 11. Be2 O-O 12. O-O Ne7 13. Na4 c6 14. Nxb6 axb6
15. a4 Qd6 16. Qd2 Qg6 17. Rfc1 Ra7 18. Bf4 Rfa8 19. a5 Nc8 20. Ra3 bxa5 21.
bxa5 Nd6 22. Qb4 Ne4 23. Bc7 Re8 24. Re3 Qg5 25. Re1 Raa8 26. Bf1 Qe7 27. Qxe7
Rxe7 28. Bb6 Re6 29. f3 Nd2 30. Bd3 Rxe3 31. Rxe3 Be6 32. Re1 g6 33. Kf2 Nc4 34.
Bxc4 dxc4 35. Bc7 Rc8 36. Bf4 c5 37. Rb1 cxd4 38. Rxb7 Ra8 39. Be5 d3 40. cxd3
cxd3 41. Ke3 Bc4 42. Bf6 Ba6 43. Rd7 h6 44. h4 Re8+ 45. Kd2 Bb5 46. Rd5 Bc4 47.
Rd6 Ra8 48. Kc3 Ba6 49. Kb4 Kf8 50. Kc5 Bb7 51. Bc3 Ke7 52. Rxd3 Ra6 53. Bb4 Re6
54. Kb5+ Ke8 55. Bd6 Kd7 56. Bc5+ Ke8 57. Bb6 Re5+ 58. Kb4 Ba6 59. Rd2 h5 60. g3
Rb5+ 61. Kc3 Rb1 62. Bd4 Rf1 63. f4 Rf3+ 64. Kc2 Kd7 65. Be5+ Kc6 66. Rd6+ Kb5
67. Bc3 Bc8 68. Rb6+ Kc5 69. Rb8 Bf5+ 70. Kb2 Rf2+ 71. Ka1 Rf1+ 72. Ka2 Be6+ 73.
Kb2 Rf2+ 74. Kc1 Kc4 75. Bd2 Bf5 76. Rb4+ Kc5 77. Ra4 Rf1+ 78. Kb2 Rf2 79. Kc1
Rf1+ 80. Kb2 Rf2 81. Kc1 1/2-1/2

[Event "Bundesliga 2022-23"]
[Site "Dresden GER"]
[Date "2023.02.05"]
[Round "6.6"]
[Board "1"]
[White "Schroeder, Jan-Christian"]
[Black "Shevchenko, Kirill"]
[Result "1/2-1/2"]
[WhiteTitle "GM"]
[BlackTitle "GM"]
[WhiteElo "2544"]
[BlackElo "2645"]
[WhiteTeam "SF Berlin"]
[BlackTeam "SV Werder Bremen"]
[WhiteFideId "24662259"]
[BlackFideId "14129574"]
[EventDate "2022.10.22"]

1. e4 c5 2. Nf3 Nc6 3. d4 cxd4 4. Nxd4 e6 5. Nc3 Qc7 6. Be3 a6 7. Be2 b5 8. Nxc6
Qxc6 9. a3 Bb7 10. O-O Rc8 11. Qd2 Nf6 12. Rfd1 h6 13. Bd4 Bc5 14. Bf3 Bxd4 15.
Qxd4 Qc5 16. e5 Bxf3 17. gxf3 Nd5 18. Nxd5 Qxd5 19. Qxd5 exd5 20. Rd2 O-O 21.
Kg2 d4 22. Re1 Rc5 23. Re4 Re8 24. f4 d6 25. b4 Rc6 26. Rdxd4 1/2-1/2